Những niềm mê say Tập truyện

Saved in:
Bibliographic Details
Main Author: Tô Hải Vân
Format: Book
Published: H. Tác phẩm mới. Hội nhà văn Việt Nam 1981
Subjects:
Tags: Add Tag
No Tags, Be the first to tag this record!
Institutions: Trung tâm Học liệu Lê Vũ Hùng, Trường Đại học Đồng Tháp
LEADER 00684pam a22002058a 4500
001 00020907
005 20171026081022.0
008 110520s1981 ||||||Viesd
041 0 # |a Vie 
082 1 4 |a 895.922 3  |b NH556N 
100 0 # |a Tô Hải Vân 
245 0 0 |a Những niềm mê say  |b Tập truyện  |c Tô Hải Vân 
260 # # |a H.  |b Tác phẩm mới. Hội nhà văn Việt Nam  |c 1981 
300 # # |a 231 tr.  |c 19 cm. 
653 # # |a Tập truyện 
653 # # |a Văn học 
852 # # |b Kho đọc  |j KD.00066219 
852 # # |j KD.0006219 
910 0 # |a Đức  |d 20/05/2011 
980 # # |a Trung tâm Học liệu Lê Vũ Hùng, Trường Đại học Đồng Tháp